000 00563nam a2200229Ia 4500
003 OSt
005 20140403085217.0
008 140130s9999 xx 000 0 und d
020 _a0590684205
050 _aPZ 7
_b.Sa194 1998
100 _aSanderson, Jeannette
_930790
245 _cJeannette Sanderson.
_aA bath for Gus /
260 _bScholastic Inc.,
_cc1998.
_aUSA :
300 _a16 p. :
_bill. col. ;
_c18 cm.
440 _v1
_930791
521 _aBR
526 _cBR
942 _cBK
_2lcc
999 _c41452
_d41452